[Event "SYR-ch"]
[Site "Damascus"]
[Date "2018.??.??"]
[Round "1"]
[White "Hammoudi, Ali"]
[Black "Khaddour, Ismael"]
[Result "0-1"]
[WhiteElo "2174"]
[BlackElo "1966"]
[PlyCount "100"]
[EventDate "2018.05.01"]
[EventType "tourn"]
[EventRounds "9"]
[EventCountry "SYR"]
[SourceTitle "CBM 184 Extra"]
[Source "ChessBase"]
[SourceDate "2018.06.28"]
[SourceVersion "1"]
[SourceVersionDate "2018.06.28"]
[SourceQuality "1"]

1. Nf3 d5 2. b3 e6 3. Bb2 Nf6 4. e3 c5 5. Be2 Nc6 6. d4 b6 7. 0-0 Be7 8. Nbd2 0-0 9. c4 Bb7 10. Re1 Ne4 11. cxd5 exd5 12. dxc5 Bxc5 13. Nd4 Nxd4 14. Bxd4 Bd6 15. Bb5 f5 16. f4 Rc8 17. Rc1 a6 18. Rxc8 Qxc8 19. Nxe4 fxe4 20. Be2 Bc5 21. Bg4 Qc6 22. Qd2 Bxd4 23. Qxd4 Qc5 24. Be6+ Kh8 25. Rd1 Qxd4 26. Rxd4 Rd8 27. g4 g6 28. g5 Rd6 29. Bg4 Kg7 30. b4 Bc6 31. h4 Bb5 32. Rd2 Bd3 33. Kf2 Rc6 34. Bd1 Rc1 35. Bb3 Rf1+ 36. Kg2 Re1 37. Kf2 Rh1 38. Kg3 Rf1 39. Kg2 Re1 40. Kf2 Rh1 41. Kg3 d4 42. Rh2 Rxh2 43. Kxh2 dxe3 44. Kg2 h6 45. Be6 hxg5 46. fxg5 Kf8 47. Kg3 Ke7 48. Bd5 Kd6 49. Bf7 Ke5 50. h5 gxh5 0-1

[Event "SYR-ch"]
[Site "Damascus"]
[Date "2016.05.02"]
[Round "1"]
[White "Hammoudi, Ali"]
[Black "Allatif, Kinan"]
[Result "1-0"]
[WhiteElo "2165"]
[BlackElo "1879"]
[PlyCount "37"]
[EventDate "2016.05.02"]
[EventType "swiss"]
[EventRounds "9"]
[EventCountry "SYR"]
[SourceTitle "EXT 2017"]
[Source "ChessBase"]
[SourceDate "2016.10.25"]
[SourceVersion "1"]
[SourceVersionDate "2016.10.25"]
[SourceQuality "1"]

1. e4 d6 2. d4 Nf6 3. Nc3 g6 4. f4 Bg7 5. Nf3 c6 6. Bd3 Qc7 7. 0-0 0-0 8. f5 Nbd7 9. Qe1 Ne8 10. Qh4 Nef6 11. fxg6 hxg6 12. Ng5 Qb6 13. Be3 e5 14. Na4 Qb4 15. dxe5 dxe5 16. Nc5 Re8 17. Nxd7 Bxd7 18. Rxf6 Bxf6 19. Qh7+ 1-0

[Event "Arab Clubs-chT 5th"]
[Site "Damascus"]
[Date "2003.07.19"]
[Round "5"]
[White "Hammoudi, Ali"]
[Black "Hamad, Ahmad"]
[Result "0-1"]
[WhiteElo "2200"]
[BlackElo "2211"]
[PlyCount "68"]
[EventDate "2003.07.17"]
[EventType "team"]
[EventRounds "9"]
[EventCountry "SYR"]
[SourceTitle "CBM 095 Extra"]
[Source "ChessBase"]
[SourceDate "2003.09.04"]
[SourceVersion "1"]
[SourceVersionDate "2003.09.04"]
[SourceQuality "1"]

1. e4 d5 2. exd5 Nf6 3. d4 Bg4 4. Be2 Bxe2 5. Nxe2 Qxd5 6. 0-0 Nc6 7. Nbc3 Qh5 8. b4 Nxb4 9. Rb1 e6 10. a3 Bd6 11. h3 Nbd5 12. Rxb7 Nb6 13. Qd3 a6 14. Bf4 Qa5 15. Rb1 Nc8 16. Be5 Bxe5 17. dxe5 Qxe5 18. f4 Qc5+ 19. Qd4 Qd6 20. Qxd6 cxd6 21. Nd4 0-0 22. Rb8 Ne7 23. Rxa8 Rxa8 24. Rb6 d5 25. Kf2 Kf8 26. f5 e5 27. Nc6 Rc8 28. Nxe7 Kxe7 29. Ne2 Ne4+ 30. Ke3 Rxc2 31. Rxa6 Nd6 32. g4 Nc4+ 33. Kf3 e4+ 34. Kf2 d4 0-1

[Event "Arab Clubs-chT 5th"]
[Site "Damascus"]
[Date "2003.07.18"]
[Round "3"]
[White "Abdulaziz, Mahmoud"]
[Black "Hammoudi, Ali"]
[Result "0-1"]
[WhiteElo "2168"]
[BlackElo "2200"]
[PlyCount "50"]
[EventDate "2003.07.17"]
[EventType "team"]
[EventRounds "9"]
[EventCountry "SYR"]
[SourceTitle "CBM 095 Extra"]
[Source "ChessBase"]
[SourceDate "2003.09.04"]
[SourceVersion "1"]
[SourceVersionDate "2003.09.04"]
[SourceQuality "1"]

1. c4 Nf6 2. Nf3 e6 3. g3 d5 4. Bg2 c6 5. b3 b5 6. 0-0 Ba6 7. cxb5 cxb5 8. Bb2 Nc6 9. Na3 Bd6 10. Nc2 0-0 11. a3 b4 12. Nfd4 Nxd4 13. Nxd4 Qb6 14. a4 Rac8 15. Rc1 Be5 16. Rxc8 Rxc8 17. Qa1 Ne4 18. Rd1 Bxe2 19. a5 Qa6 20. Rc1 Bd3 21. Qa4 Bxd4 22. Bxe4 Bxe4 23. d3 Bf3 24. Qd7 Rxc1+ 25. Bxc1 h6 0-1